临近地级行政区挑战#2 Neighbouring prefecture-level divisions #2 - Statistics

General Stats
  • This quiz has been taken 108 times
  • The average score is 12 of 20
Answer Stats
出发地市 方向 到达地市 % Correct
邢台市 东南 聊城市
81%
石嘴山市 东北 乌海市
80%
保山市 东南 临沧市
78%
呼和浩特市 东北 乌兰察布市
77%
鹤岗市 西北 伊春市
76%
安庆市 东南 池州市
76%
延边朝鲜族自治州 西南 白山市
76%
常德市 东南 益阳市
75%
遵义市 西北 泸州市
72%
南阳市 东北 平顶山市
65%
抚州市 东北 鹰潭市
64%
贵阳市 西南 安顺市
59%
河源市 西南 惠州市
58%
图木舒克市 外部 喀什地区
55%
阿勒泰地区 内部 北屯市
53%
徐州市 西南 宿州市
53%
双河市 外部 博尔塔拉蒙古自治州
40%
定西市 西北 临夏回族自治州
37%
巴音郭楞蒙古自治州 内部 铁门关市
37%
台中市 西南 彰化县
36%
No matching quizzes found
Score Distribution
Percent of People with Each Score
Percentile by Number Answered
Your Score History
You have not taken this quiz